[Event "Finale Challenge Blitz BNP Paribas"]
[Site "Port Marly"]
[Date "2013.06.15"]
[Round "4.7"]
[White "Guliyev, Namig"]
[Black "Ljubotina, Lazo"]
[Result "1-0"]
[WhiteElo "2580"]
[BlackElo "2070"]
[PlyCount "112"]
[EventDate "2013.06.15"]
[EventType "match (rapid)"]
[EventRounds "15"]
[EventCountry "FRA"]
[SourceDate "2005.09.12"]

1. e4 Nf6 2. e5 Nd5 3. d4 e6 4. Nf3 Nb6 5. Bd3 d5 6. O-O c5 7. c3 Be7 8. dxc5
Bxc5 9. Bf4 Nc6 10. Nbd2 h6 11. Qe2 Nd7 12. b4 Bb6 13. b5 Ne7 14. Nd4 Nf8 15.
Bg3 Bd7 16. Kh1 Qc7 17. Rac1 g6 18. f4 Nf5 19. Bf2 Qd8 20. N2b3 Rc8 21. a4 Ba5
22. g4 Nxd4 23. cxd4 Bb4 24. Rxc8 Bxc8 25. Be3 b6 26. Nd2 Bd7 27. Nf3 Be7 28.
h3 h5 29. Kg2 Nh7 30. Qc2 Nf8 31. Rc1 Rg8 32. Bf2 f6 33. exf6 Bxf6 34. Qc7 Rg7
35. Qxa7 hxg4 36. hxg4 g5 37. Qc7 gxf4 38. Qxf4 Bg5 39. Nxg5 Qxg5 40. Qxg5 Rxg5
41. Be2 Rg7 42. Bg3 Ng6 43. Kf2 e5 44. dxe5 Re7 45. a5 bxa5 46. b6 Be6 47. Bd3
Kf7 48. Rc7 Rxc7 49. bxc7 Ne7 50. Ke3 Bxg4 51. Kd4 Bc8 52. Kc5 Ke6 53. Bb5 Ng6
54. Kb6 Nxe5 55. Bxe5 Kxe5 56. Kc5 Ke6 1-0

[Event "Finale Challenge Blitz BNP Paribas"]
[Site "Port Marly"]
[Date "2013.06.15"]
[Round "4.8"]
[White "Dubocage, Claude"]
[Black "Leruste, Georges"]
[Result "0-1"]
[WhiteElo "2050"]
[BlackElo "2340"]
[PlyCount "52"]
[EventDate "2013.06.15"]
[EventType "match (rapid)"]
[EventRounds "15"]
[EventCountry "FRA"]
[SourceDate "2005.09.12"]

1. d4 Nf6 2. Bg5 d5 3. Bxf6 exf6 4. e3 c6 5. Nf3 Bd6 6. Bd3 g6 7. Nbd2 f5 8.
Ne5 Nd7 9. f4 Qe7 10. Qe2 Nf6 11. c4 Be6 12. c5 Bc7 13. O-O O-O 14. b4 a6 15.
a4 Nd7 16. b5 Nxe5 17. fxe5 axb5 18. axb5 cxb5 19. Bxb5 f6 20. exf6 Qxf6 21.
Rfb1 f4 22. Nf3 Bg4 23. Rxa8 Rxa8 24. Rf1 Ra3 25. e4 Bxf3 26. Rxf3 Qxd4+ 0-1

[Event "Finale Challenge Blitz BNP Paribas"]
[Site "Port Marly"]
[Date "2013.06.15"]
[Round "6.1"]
[White "Dutreuil, Raphael"]
[Black "Delaunay, Sebastien"]
[Result "1/2-1/2"]
[WhiteElo "2220"]
[BlackElo "2420"]
[PlyCount "82"]
[EventDate "2013.06.15"]
[EventType "match (rapid)"]
[EventRounds "15"]
[EventCountry "FRA"]
[SourceDate "2005.09.12"]

1. d4 Nf6 2. c4 e6 3. Nf3 d5 4. Nc3 Be7 5. Bg5 h6 6. Bh4 O-O 7. e3 b6 8. Bd3
Bb7 9. cxd5 exd5 10. O-O c5 11. Rc1 Nbd7 12. b3 Ne4 13. Bxe7 Qxe7 14. dxc5
Ndxc5 15. Bb1 Rfd8 16. b4 Nxc3 17. Rxc3 Ne4 18. Rb3 Rac8 19. Nd4 g6 20. a3 Rc4
21. Bd3 Rcc8 22. Re1 Qf6 23. f3 Nd6 24. Bb1 Re8 25. Ne2 Nc4 26. Ng3 Re5 27. e4
dxe4 28. Nxe4 Bxe4 29. Bxe4 Rd8 30. Qc1 Nd2 31. Rbe3 Nxe4 32. Rxe4 Rxe4 33.
Rxe4 Kg7 34. Qe3 Rd1+ 35. Kf2 Qb2+ 36. Kg3 Qf6 37. Re7 a5 38. bxa5 bxa5 39. Qe5
Rd6 40. Qxf6+ Kxf6 41. Ra7 Rd5 1/2-1/2

[Event "Finale Challenge Blitz BNP Paribas"]
[Site "Port Marly"]
[Date "2013.06.15"]
[Round "6.2"]
[White "Leconte, Jean-Olivier"]
[Black "Leruste, Georges"]
[Result "1-0"]
[WhiteElo "2330"]
[BlackElo "2340"]
[PlyCount "100"]
[EventDate "2013.06.15"]
[EventType "match (rapid)"]
[EventRounds "15"]
[EventCountry "FRA"]
[SourceDate "2005.09.12"]

1. e4 d5 2. exd5 Qxd5 3. Nc3 Qa5 4. Rb1 c6 5. b4 Qc7 6. Nf3 Nf6 7. b5 g6 8. Be2
Bg7 9. O-O O-O 10. Ba3 c5 11. Re1 b6 12. Bc4 Bb7 13. Bb2 e6 14. Qe2 Nbd7 15. d3
Rfe8 16. Ne4 Nxe4 17. Bxg7 Kxg7 18. dxe4 Ne5 19. Rb3 Red8 20. Nxe5 Qxe5 21. Rh3
Rd4 22. Re3 Rad8 23. c3 Rd2 24. Qg4 h5 25. Qh4 Qf6 26. Qxf6+ Kxf6 27. h4 Ke7
28. f4 Rc2 29. R1e2 Rdd2 30. Rxd2 Rxd2 31. Bb3 f6 32. Bc4 e5 33. fxe5 fxe5 34.
Rf3 Bxe4 35. Rf7+ Ke8 36. Rxa7 Rxg2+ 37. Kf1 Rg4 38. Rc7 Bg2+ 39. Kf2 Bh3 40.
Rb7 Rxc4 41. Rxb6 Bg4 42. Rb7 Rxc3 43. b6 Bf3 44. Rc7 Rd3 45. b7 Bxb7 46. Rxb7
Rd2+ 47. Ke3 Rh2 48. Ke4 Rh3 49. Kxe5 Rxh4 50. Ke6 Rg4 1-0

[Event "Finale Challenge Blitz BNP Paribas"]
[Site "Port Marly"]
[Date "2013.06.15"]
[Round "6.3"]
[White "Guliyev, Namig"]
[Black "Bonnaud, Remy"]
[Result "1-0"]
[WhiteElo "2580"]
[BlackElo "2230"]
[PlyCount "100"]
[EventDate "2013.06.15"]
[EventType "match (rapid)"]
[EventRounds "15"]
[EventCountry "FRA"]
[SourceDate "2005.09.12"]

1. e4 e5 2. Nf3 Nc6 3. Bb5 Bc5 4. c3 Nf6 5. Qe2 Bb6 6. O-O Qe7 7. d3 d6 8. Nbd2
a6 9. Ba4 Bg4 10. h3 Bh5 11. Nc4 Ba7 12. Ne3 O-O 13. Nf5 Qd8 14. g4 Bg6 15. Bg5
Ne7 16. Bxf6 gxf6 17. Ng3 h6 18. Kh2 Kg7 19. Nh4 Rh8 20. f4 Rc8 21. f5 Bh7 22.
Nh5+ Kf8 23. Qd2 Ng8 24. Bb3 c6 25. Rad1 d5 26. Nf3 Bb8 27. Kg2 Rc7 28. Rfe1
Rd7 29. d4 dxe4 30. Rxe4 c5 31. Qe2 cxd4 32. cxd4 Bc7 33. dxe5 Rxd1 34. Qxd1
Qxd1 35. Bxd1 fxe5 36. Nxe5 Ne7 37. Nd7+ Ke8 38. Ndf6+ Kd8 39. Bb3 Nxf5 40.
gxf5 Bxf5 41. Rd4+ Kc8 42. Ng4 Kb8 43. Bxf7 Bb6 44. Rf4 Bd7 45. Bd5 Rc8 46. Be4
Be6 47. b3 Rc1 48. Rf1 Rc7 49. Rf6 Bd7 50. Rxb6 Rc6 1-0

[Event "Finale Challenge Blitz BNP Paribas"]
[Site "Port Marly"]
[Date "2013.06.15"]
[Round "6.4"]
[White "Glod, Philippe"]
[Black "Dourerassou, Jonathan"]
[Result "0-1"]
[WhiteElo "2140"]
[BlackElo "2580"]
[PlyCount "59"]
[EventDate "2013.06.15"]
[EventType "match (rapid)"]
[EventRounds "15"]
[EventCountry "FRA"]
[SourceDate "2005.09.12"]

1. e4 c5 2. c3 b6 3. d4 Bb7 4. Bd3 e6 5. Nf3 Nf6 6. Qe2 Be7 7. O-O d5 8. e5
Nfd7 9. a3 c4 10. Bc2 Nc6 11. Nbd2 Qc7 12. b3 cxb3 13. Nxb3 h6 14. Rb1 g5 15.
a4 O-O-O 16. a5 Nxa5 17. Nxa5 bxa5 18. Bd3 Nb6 19. Nd2 Kb8 20. Rb5 a4 21. Ra5
Qxc3 22. Rb5 Qc6 23. Rb1 Rc8 24. Bb5 Qc2 25. Rb2 Qc3 26. Ra2 Qxd4 27. Bb2 Qb4
28. Rb1 Rc2 29. Bd3 Rxd2 30. Rba1 0-1

[Event "Finale Challenge Blitz BNP Paribas"]
[Site "Port Marly"]
[Date "2013.06.15"]
[Round "6.5"]
[White "Rene, Benoit"]
[Black "Varoquier, Romain"]
[Result "1-0"]
[WhiteElo "2430"]
[BlackElo "2310"]
[PlyCount "122"]
[EventDate "2013.06.15"]
[EventType "match (rapid)"]
[EventRounds "15"]
[EventCountry "FRA"]
[SourceDate "2005.09.12"]

1. b3 d5 2. Bb2 e6 3. Nf3 Nf6 4. g3 c5 5. Bg2 Be7 6. O-O O-O 7. c4 b6 8. cxd5
Nxd5 9. d4 Bb7 10. dxc5 Bxc5 11. Nbd2 Nc6 12. a3 a5 13. Qc2 Rc8 14. Qb1 Ba6 15.
Re1 Be7 16. Ne4 h6 17. Qa2 Qc7 18. Rac1 Qb7 19. Rc2 Ncb4 20. axb4 Nxb4 21. Qb1
Nxc2 22. Rc1 Qxe4 23. Nd4 Qg6 24. Nxc2 Bxe2 25. Nd4 Bd3 26. Qa1 Bc5 27. Nc6
Rxc6 28. Bxc6 Rc8 29. Bg2 Be4 30. Bxe4 Qxe4 31. Bxg7 Bxf2+ 32. Kxf2 Rxc1 33.
Qxc1 Kxg7 34. Qc7 Qd4+ 35. Kg2 b5 36. Qxa5 Qb2+ 37. Kh3 Qxb3 38. Qc7 Qb2 39.
Qf4 b4 40. Qg4+ Kf8 41. Qf4 b3 42. Qxh6+ Ke8 43. Qf4 Qc3 44. Qb8+ Ke7 45. Qb7+
Kf6 46. Kh4 b2 47. g4 Qc2 48. g5+ Kg6 49. Qf3 b1=Q 50. Qf6+ Kh7 51. g6+ Qxg6
52. Qf4 Qbe4 53. Qxe4 Qxe4+ 54. Kg3 Qf5 55. Kg2 Kg6 56. Kg3 Kg5 57. h3 Qf4+ 58.
Kg2 Kh4 59. Kg1 Qd2 60. Kf1 Kg3 61. Kg1 Qg2# 1-0

[Event "Finale Challenge Blitz BNP Paribas"]
[Site "Port Marly"]
[Date "2013.06.15"]
[Round "6.6"]
[White "Leconte, Maria"]
[Black "Kieffer, Anatole"]
[Result "1-0"]
[WhiteElo "2290"]
[BlackElo "2110"]
[PlyCount "107"]
[EventDate "2013.06.15"]
[EventType "match (rapid)"]
[EventRounds "15"]
[EventCountry "FRA"]
[SourceDate "2005.09.12"]

1. e4 e5 2. Nf3 Nc6 3. Nc3 Nf6 4. Bb5 d6 5. d4 exd4 6. Nxd4 Bd7 7. Bxc6 bxc6 8.
O-O Be7 9. h3 O-O 10. Qf3 c5 11. Nf5 Bc6 12. Bg5 Re8 13. Rfe1 h6 14. Bh4 d5 15.
e5 d4 16. Qxc6 dxc3 17. Nxe7+ Qxe7 18. bxc3 Qd7 19. Qf3 Nh7 20. Rad1 Qe6 21.
Qe3 c4 22. Rd4 c5 23. Rd6 Qxd6 24. exd6 Rxe3 25. Rxe3 f6 26. Re7 Rd8 27. Bg3
Ng5 28. f3 Nf7 29. Re6 Kf8 30. h4 Rd7 31. Kf2 Nd8 32. Re4 Nb7 33. Rxc4 Nxd6 34.
Rxc5 Ke7 35. Rd5 Nc4 36. Rd4 Na3 37. Rxd7+ Kxd7 38. Ke2 Nxc2 39. Kd3 Na3 40.
Bf2 a6 41. Bc5 Nb5 42. Bf8 h5 43. Bxg7 Ke6 44. Bh6 Nd6 45. Bf4 Nf5 46. g3 Ne7
47. c4 Nc6 48. Bc7 Nb4+ 49. Kd4 Nxa2 50. Ba5 Nc1 51. Kc5 Nb3+ 52. Kb6 Nxa5 53.
Kxa5 Kd6 54. Kb6 1-0

[Event "Finale Challenge Blitz BNP Paribas"]
[Site "Port Marly"]
[Date "2013.06.15"]
[Round "6.7"]
[White "Kirszenberg, Marc"]
[Black "Dubois, Pierre"]
[Result "0-1"]
[WhiteElo "2130"]
[BlackElo "2170"]
[PlyCount "81"]
[EventDate "2013.06.15"]
[EventType "match (rapid)"]
[EventRounds "15"]
[EventCountry "FRA"]
[SourceDate "2005.09.12"]

1. d4 d5 2. Nf3 Nf6 3. c4 e6 4. Nc3 c5 5. cxd5 exd5 6. e3 Nc6 7. Be2 Be7 8. O-O
O-O 9. dxc5 Bxc5 10. b3 d4 11. Na4 b6 12. Nxc5 bxc5 13. Bb5 Bb7 14. Qc2 Qb6 15.
Be2 Nb4 16. Qb1 Rad8 17. Bc4 Be4 18. Qb2 Nc2 19. Rb1 Nb4 20. Ra1 d3 21. Bd2
Nfd5 22. Qe5 Rfe8 23. Qh5 Rd6 24. Ng5 Bg6 25. Qh4 h6 26. Nh3 Re4 27. Qg3 Bh7
28. Qf3 Rf6 29. Qg3 Rg6 30. Qf3 Reg4 31. g3 Qe6 32. Nf4 Nxf4 33. exf4 Qc6 34.
Qxc6 Rxc6 35. Bc3 Rgg6 36. Rfe1 Kf8 37. Re3 Rgd6 38. Rf1 Rd8 39. Re5 d2 40.
Rfe1 d1=Q 41. Rxd1 0-1

[Event "Finale Challenge Blitz BNP Paribas"]
[Site "Port Marly"]
[Date "2013.06.15"]
[Round "6.8"]
[White "Dumas, Charles"]
[Black "Dieu, Bruno"]
[Result "1/2-1/2"]
[WhiteElo "2260"]
[BlackElo "2360"]
[PlyCount "83"]
[EventDate "2013.06.15"]
[EventType "match (rapid)"]
[EventRounds "15"]
[EventCountry "FRA"]
[SourceDate "2005.09.12"]

1. e4 e6 2. d4 d5 3. Nd2 Be7 4. Ngf3 c5 5. c3 cxd4 6. cxd4 dxe4 7. Nxe4 Nf6 8.
Bd3 Bb4+ 9. Bd2 Bxd2+ 10. Qxd2 Nc6 11. O-O O-O 12. Rad1 h6 13. Nxf6+ Qxf6 14.
Be4 Bd7 15. d5 exd5 16. Bxd5 Rad8 17. Qe3 Rfe8 18. Qb3 b6 19. h3 Na5 20. Qb4
Be6 21. Bxe6 Qxe6 22. Rxd8 Rxd8 23. a3 Nc6 24. Qf4 Qd5 25. Re1 Kh7 26. Ne5 Re8
27. Nf3 Rxe1+ 28. Nxe1 Nd4 29. Qe3 g6 30. Qd3 Qe5 31. Nc2 Nxc2 32. Qxc2 Kg7 33.
g3 h5 34. h4 Qd4 35. Kg2 a5 36. b3 b5 37. Qc7 b4 38. axb4 axb4 39. Qb7 Qc3 40.
Qd5 Kf6 41. Qd6+ Kg7 42. Qd5 1/2-1/2

[Event "Finale Challenge Blitz BNP Paribas"]
[Site "Port Marly"]
[Date "2013.06.15"]
[Round "7.1"]
[White "Guliyev, Namig"]
[Black "Leconte, Jean-Olivier"]
[Result "1-0"]
[WhiteElo "2580"]
[BlackElo "2330"]
[PlyCount "83"]
[EventDate "2013.06.15"]
[EventType "match (rapid)"]
[EventRounds "15"]
[EventCountry "FRA"]
[SourceDate "2005.09.12"]

1. e4 e6 2. d4 d5 3. Nc3 Bb4 4. e5 c5 5. a3 Bxa3 6. bxa3 Qc7 7. Nf3 b6 8. Bb5+
Bd7 9. Bd3 Ba4 10. Bd2 c4 11. Be2 h6 12. O-O Ne7 13. Ne1 Nbc6 14. g4 O-O-O 15.
Ng2 Kb7 16. f4 g6 17. Ne3 Rdg8 18. Rf2 Qd8 19. Be1 h5 20. gxh5 gxh5+ 21. Kh1 h4
22. Bg4 h3 23. Qf3 Ng6 24. f5 Nh4 25. Qf4 exf5 26. Bxf5 Ng2 27. Nxg2 hxg2+ 28.
Rxg2 Ne7 29. Bg4 Rh7 30. Bg3 Ng6 31. Qf5 Rgh8 32. Rf1 Nh4 33. Bxh4 Qxh4 34. Qf4
Ka6 35. Bf5 Qxf4 36. Rxf4 Rh6 37. Bg4 R8h7 38. Rgf2 Rh4 39. Bf5 Rxf4 40. Rxf4
Rg7 41. Rf2 Bc6 42. Rg2 1-0

[Event "Finale Challenge Blitz BNP Paribas"]
[Site "Port Marly"]
[Date "2013.06.15"]
[Round "7.2"]
[White "Dourerassou, Jonathan"]
[Black "Dutreuil, Raphael"]
[Result "1-0"]
[WhiteElo "2580"]
[BlackElo "2220"]
[PlyCount "59"]
[EventDate "2013.06.15"]
[EventType "match (rapid)"]
[EventRounds "15"]
[EventCountry "FRA"]
[SourceDate "2005.09.12"]

1. e4 c5 2. Nf3 e6 3. b3 b6 4. Bb2 Bb7 5. Bd3 Nc6 6. a3 f6 7. e5 fxe5 8. Nxe5
Nf6 9. Nxc6 Bxc6 10. f3 Bd6 11. Nc3 O-O 12. Qe2 Nd5 13. Qe4 g6 14. Nxd5 Bxd5
15. Qg4 Qe8 16. O-O-O c4 17. bxc4 Rf4 18. Qg3 Bxc4 19. Bxc4 Rd4 20. Qg5 Rxc4
21. Qf6 e5 22. Qxd6 Rac8 23. Qd5+ Kf8 24. Bc3 Qe7 25. Kb2 R8c5 26. Qa8+ Kf7 27.
Qh8 Ke6 28. Rhe1 Rb5+ 29. Ka2 d6 30. Qg8+ 1-0

[Event "Finale Challenge Blitz BNP Paribas"]
[Site "Port Marly"]
[Date "2013.06.15"]
[Round "7.3"]
[White "Delaunay, Sebastien"]
[Black "Rene, Benoit"]
[Result "0-1"]
[WhiteElo "2420"]
[BlackElo "2430"]
[PlyCount "89"]
[EventDate "2013.06.15"]
[EventType "match (rapid)"]
[EventRounds "15"]
[EventCountry "FRA"]
[SourceDate "2005.09.12"]

1. Nf3 g6 2. g3 Bg7 3. Bg2 c5 4. c4 Nc6 5. O-O e5 6. Nc3 Nge7 7. d3 O-O 8. Ne1
d6 9. Nc2 Bg4 10. Ne3 Be6 11. Ned5 Qd7 12. Re1 Bh3 13. Bh1 Nxd5 14. Nxd5 Ne7
15. Nxe7+ Qxe7 16. Rb1 Rad8 17. b4 b6 18. Qa4 Be6 19. Bd2 f5 20. e3 g5 21. Qc6
Rc8 22. Qb7 Rc7 23. Qa6 Kh8 24. a4 f4 25. exf4 gxf4 26. a5 bxa5 27. bxc5 dxc5
28. Bxa5 Rd7 29. Be4 Qf7 30. Rb2 Bh3 31. f3 Bf5 32. Qc6 Bxe4 33. Qxe4 fxg3 34.
hxg3 Qxf3 35. Rh2 Qxe4 36. dxe4 Rd4 37. Rc2 Rf3 38. Kg2 Ra3 39. Bc7 Ra4 40. Rb1
h6 41. Rb8+ Kh7 42. Rb7 Kg6 43. Rf2 Rxe4 44. Bd6 Ra6 45. Bxc5 0-1

[Event "Finale Challenge Blitz BNP Paribas"]
[Site "Port Marly"]
[Date "2013.06.15"]
[Round "7.4"]
[White "Dubois, Pierre"]
[Black "Leconte, Maria"]
[Result "1-0"]
[WhiteElo "2170"]
[BlackElo "2290"]
[PlyCount "125"]
[EventDate "2013.06.15"]
[EventType "match (rapid)"]
[EventRounds "15"]
[EventCountry "FRA"]
[SourceDate "2005.09.12"]

1. e4 e6 2. d4 d5 3. exd5 exd5 4. c4 Nf6 5. Nc3 Be7 6. Nf3 O-O 7. c5 Bf5 8. Bd3
Bxd3 9. Qxd3 Nc6 10. a3 Re8 11. O-O a5 12. b3 b6 13. cxb6 cxb6 14. Bg5 h6 15.
Bh4 Qd7 16. Rfe1 Rad8 17. Rac1 Qg4 18. Bxf6 Bxf6 19. Rxe8+ Rxe8 20. Nxd5 Qe6
21. Nxf6+ Qxf6 22. h3 Rd8 23. d5 Ne7 24. Qb5 Rxd5 25. Qe8+ Kh7 26. Re1 Ng6 27.
Rc1 Qf4 28. Re1 Rd3 29. Qb5 Qd2 30. Nxd2 Rxd2 31. Re2 Rd1+ 32. Kh2 Rd6 33. Qf5
Rf6 34. Qc8 Nf4 35. Re8 Ne6 36. Qc2+ g6 37. Qc3 Ng7 38. Qxf6 Nxe8 39. Qxf7+ Ng7
40. Qb7 h5 41. Qxb6 a4 42. bxa4 Kh6 43. a5 h4 44. a6 Kh5 45. Qb5+ Nf5 46. Qxf5+
gxf5 47. a7 f4 48. a8=Q f3 49. gxf3 Kg5 50. Qe4 Kf6 51. Kg2 Kg5 52. f4+ Kf6 53.
Qe5+ Kf7 54. Kf3 Kg6 55. Kg4 Kf7 56. Qd6 Kg7 57. Qe6 Kh7 58. Qf7+ Kh6 59. Qf6+
Kh7 60. Qg5 Kh8 61. Kf5 Kh7 62. Kf6 Kh8 63. Qg7# 1-0

[Event "Finale Challenge Blitz BNP Paribas"]
[Site "Port Marly"]
[Date "2013.06.15"]
[Round "7.5"]
[White "Dieu, Bruno"]
[Black "Glod, Philippe"]
[Result "1-0"]
[WhiteElo "2360"]
[BlackElo "2140"]
[PlyCount "69"]
[EventDate "2013.06.15"]
[EventType "match (rapid)"]
[EventRounds "15"]
[EventCountry "FRA"]
[SourceDate "2005.09.12"]

1. Nc3 Nc6 2. d4 e5 3. d5 Nce7 4. d6 cxd6 5. e4 Ng6 6. Bc4 Nf6 7. Nf3 Be7 8.
O-O a6 9. a4 b6 10. Bg5 Bb7 11. Re1 Qc7 12. Qd3 O-O 13. Rad1 h6 14. Bc1 Kh8 15.
g3 d5 16. exd5 d6 17. Bb3 Nd7 18. Qf5 Nc5 19. Nd2 Bc8 20. Qh5 Kh7 21. Bc4 Qd7
22. b4 Nb7 23. Be2 Qh3 24. Nc4 Qxh5 25. Bxh5 Bf5 26. Nxb6 Rad8 27. Ne4 Bxe4 28.
Rxe4 a5 29. Ba3 axb4 30. Bxb4 f5 31. Bxg6+ Kxg6 32. Rc4 Bf6 33. a5 Ra8 34. Ra1
Bd8 35. Nxa8 1-0

[Event "Finale Challenge Blitz BNP Paribas"]
[Site "Port Marly"]
[Date "2013.06.15"]
[Round "7.6"]
[White "Leruste, Georges"]
[Black "Kirszenberg, Marc"]
[Result "1-0"]
[WhiteElo "2340"]
[BlackElo "2130"]
[PlyCount "100"]
[EventDate "2013.06.15"]
[EventType "match (rapid)"]
[EventRounds "15"]
[EventCountry "FRA"]
[SourceDate "2005.09.12"]

1. Nf3 d5 2. g3 Nf6 3. Bg2 Bf5 4. O-O e6 5. d3 h6 6. c4 c6 7. Nc3 Be7 8. cxd5
exd5 9. Qb3 Qb6 10. e4 Qxb3 11. axb3 dxe4 12. dxe4 Bh7 13. e5 Nfd7 14. e6 fxe6
15. Nd4 Nc5 16. b4 e5 17. Ndb5 Nca6 18. Re1 O-O 19. Na3 Nxb4 20. Rxe5 Bd6 21.
Re6 Bc5 22. Be3 Bxe3 23. Rxe3 Nd7 24. Nc4 Nc2 25. Re7 Nxa1 26. Rxd7 Rf7 27. Rd1
Nb3 28. Ne5 Re7 29. f4 Nc5 30. b4 Na6 31. b5 cxb5 32. Nxb5 g5 33. Nd6 Rb8 34.
Rc1 gxf4 35. gxf4 Rg7 36. Kf2 b6 37. Bd5+ Kf8 38. Be6 Nc5 39. Bh3 Ne4+ 40. Nxe4
Bxe4 41. Ra1 Rd8 42. Ke3 Ba8 43. Bf5 h5 44. h4 Bb7 45. Ng6+ Rxg6 46. Bxg6 Rd7
47. Bxh5 Bd5 48. Rd1 Kg7 49. Bg4 Kf6 50. Bxd7 Ke7 1-0

[Event "Finale Challenge Blitz BNP Paribas"]
[Site "Port Marly"]
[Date "2013.06.15"]
[Round "7.7"]
[White "Mayer, Philippe"]
[Black "Schmit, Vincent"]
[Result "1/2-1/2"]
[WhiteElo "2330"]
[BlackElo "2080"]
[PlyCount "101"]
[EventDate "2013.06.15"]
[EventType "match (rapid)"]
[EventRounds "15"]
[EventCountry "FRA"]
[SourceDate "2005.09.12"]

1. d4 Nf6 2. c4 g6 3. Nc3 Bg7 4. e4 d6 5. Nf3 O-O 6. Be2 e5 7. O-O exd4 8. Nxd4
Re8 9. f3 Nc6 10. Be3 Nh5 11. Nd5 Be6 12. Qd2 Bxd5 13. cxd5 Nxd4 14. Bxd4 Nf4
15. Bxg7 Qg5 16. Qxf4 Qxf4 17. Bc3 Qe3+ 18. Rf2 c5 19. dxc6 bxc6 20. Rd1 Rad8
21. Bd4 Qg5 22. f4 Qa5 23. Bc3 Qxa2 24. Bd3 Qb3 25. Rdf1 d5 26. Bc2 Qc4 27. e5
d4 28. Ba5 d3 29. Bd1 Rd5 30. Bc3 Rb5 31. h3 a5 32. f5 g5 33. Bg4 Rbxe5 34.
Bxe5 Rxe5 35. f6 a4 36. Rd1 Qb3 37. Rfd2 Rd5 38. Bf3 Rd4 39. Re1 Rd8 40. Red1
c5 41. Re1 c4 42. Re7 c3 43. bxc3 a3 44. Bh5 Rf8 45. Rd7 a2 46. Rd1 Qxd1+ 47.
Bxd1 a1=Q 48. Rxd3 Re8 49. Kh2 Re1 50. h4 Qxd1 51. c4 1/2-1/2

[Event "Finale Challenge Blitz BNP Paribas"]
[Site "Port Marly"]
[Date "2013.06.15"]
[Round "8.1"]
[White "Rene, Benoit"]
[Black "Guliyev, Namig"]
[Result "1/2-1/2"]
[WhiteElo "2430"]
[BlackElo "2580"]
[PlyCount "115"]
[EventDate "2013.06.15"]
[EventType "match (rapid)"]
[EventRounds "15"]
[EventCountry "FRA"]
[SourceDate "2005.09.12"]

1. g3 Nf6 2. Bg2 d5 3. d3 c6 4. Nd2 Bg4 5. h3 Bh5 6. f4 e6 7. Ngf3 Bc5 8. e4
dxe4 9. dxe4 Bxf3 10. Qxf3 O-O 11. e5 Nd5 12. Ne4 Bb6 13. Bd2 Qe7 14. O-O-O Na6
15. Kb1 Nc5 16. c4 Nxe4 17. Qxe4 Nc7 18. Bc3 a5 19. g4 Na6 20. f5 Nc5 21. Qf4
Bc7 22. f6 gxf6 23. Qxf6 Qxf6 24. exf6 e5 25. Rhe1 Rad8 26. Rxd8 Rxd8 27. Bxe5
Bxe5 28. Rxe5 Ne6 29. Kc1 Rd4 30. b3 a4 31. Be4 axb3 32. axb3 h6 33. Bf5 Nf8
34. Re7 Rd6 35. Rxb7 Rxf6 36. b4 Kg7 37. b5 cxb5 38. cxb5 Rd6 39. Kc2 Kf6 40.
Kc3 Ne6 41. Bxe6 fxe6 42. Kc4 e5 43. Kc5 Rd1 44. b6 e4 45. Rb8 Rc1+ 46. Kd6
Rd1+ 47. Kc6 e3 48. Re8 Rc1+ 49. Kd7 Rd1+ 50. Kc7 Rc1+ 51. Kd8 Rd1+ 52. Kc8
Rc1+ 53. Kb7 Rc3 54. Ka7 Ra3+ 55. Kb7 Kg5 56. Kc6 Rc3+ 57. Kd7 Rb3 58. Kc7
1/2-1/2

[Event "Finale Challenge Blitz BNP Paribas"]
[Site "Port Marly"]
[Date "2013.06.15"]
[Round "8.2"]
[White "Dubois, Pierre"]
[Black "Dourerassou, Jonathan"]
[Result "0-1"]
[WhiteElo "2170"]
[BlackElo "2580"]
[PlyCount "42"]
[EventDate "2013.06.15"]
[EventType "match (rapid)"]
[EventRounds "15"]
[EventCountry "FRA"]
[SourceDate "2005.09.12"]

1. e4 c5 2. c3 b6 3. d4 Bb7 4. Bd3 e6 5. Nf3 Nf6 6. Bg5 Be7 7. e5 Nd5 8. Bxe7
Qxe7 9. O-O Nf4 10. Re1 O-O 11. Bf1 f6 12. dxc5 fxe5 13. Rxe5 Nc6 14. Re1 bxc5
15. Na3 Na5 16. Re3 Rad8 17. g3 Nd5 18. Re1 Nxc3 19. bxc3 Bxf3 20. Qa4 Nc6 21.
Rad1 Bxd1 0-1

[Event "Finale Challenge Blitz BNP Paribas"]
[Site "Port Marly"]
[Date "2013.06.15"]
[Round "8.3"]
[White "Leconte, Jean-Olivier"]
[Black "Dieu, Bruno"]
[Result "1-0"]
[WhiteElo "2330"]
[BlackElo "2360"]
[PlyCount "88"]
[EventDate "2013.06.15"]
[EventType "match (rapid)"]
[EventRounds "15"]
[EventCountry "FRA"]
[SourceDate "2005.09.12"]

1. e4 e6 2. Nf3 d5 3. e5 c5 4. b4 cxb4 5. a3 Qa5 6. Bb2 bxa3 7. Nxa3 Qb6 8. Qc1
Bd7 9. d4 Nc6 10. Be2 Rc8 11. O-O Nh6 12. Rd1 Na5 13. Qb1 Be7 14. Bd3 O-O 15.
Qa2 Nc4 16. Bc1 Bxa3 17. Bxa3 Nxa3 18. Qxa3 a6 19. Rdb1 Qc7 20. Qb4 Bc6 21. Nd2
f6 22. Nf3 Ng4 23. h3 fxe5 24. hxg4 e4 25. Ne5 exd3 26. cxd3 Bb5 27. Qe1 Qd6
28. Ra2 Rc7 29. Re2 Rfc8 30. g3 Qb6 31. Qb4 Rc1+ 32. Rxc1 Rxc1+ 33. Kg2 Rc8 34.
Qe7 Re8 35. Qb4 a5 36. Qb2 Qa6 37. Re3 a4 38. Qa3 Qb6 39. Nf3 Rf8 40. Qe7 Ba6
41. Rxe6 Qb2 42. Rd6 Bxd3 43. Qe6+ Kh8 44. Qf7 Rg8 1-0

[Event "Finale Challenge Blitz BNP Paribas"]
[Site "Port Marly"]
[Date "2013.06.15"]
[Round "8.4"]
[White "Devallee, Jeremie"]
[Black "Delaunay, Sebastien"]
[Result "0-1"]
[WhiteElo "2190"]
[BlackElo "2420"]
[PlyCount "93"]
[EventDate "2013.06.15"]
[EventType "match (rapid)"]
[EventRounds "15"]
[EventCountry "FRA"]
[SourceDate "2005.09.12"]

1. e4 c5 2. d4 cxd4 3. c3 Nf6 4. e5 Nd5 5. Nf3 Nc6 6. cxd4 e6 7. a3 d6 8. Bd3
dxe5 9. dxe5 Qc7 10. Qe2 Be7 11. O-O h6 12. Nc3 Nxc3 13. bxc3 b6 14. Bf4 Bb7
15. Rfd1 O-O-O 16. Rdc1 Kb8 17. Nd4 g5 18. Bg3 Na5 19. Be4 Bxe4 20. Qxe4 Qb7
21. Qe2 h5 22. h3 h4 23. Bh2 Rd5 24. Rd1 a6 25. c4 Rd7 26. Nf3 Rhd8 27. Rxd7
Rxd7 28. Rb1 Qc6 29. Nd2 Bxa3 30. Ne4 Nxc4 31. Nxg5 b5 32. Qh5 Bc5 33. Qxh4 Qd5
34. Qg4 Nd2 35. Rc1 Bb6 36. Bg3 Nb3 37. Rf1 Nd4 38. h4 Nf5 39. h5 Qd3 40. h6
Qxg3 41. Qxg3 Nxg3 42. h7 Rd8 43. Nxf7 Rf8 44. h8=Q Rxh8 45. Nxh8 Nxf1 46. Kxf1
Bd4 47. Ke2 0-1

[Event "Finale Challenge Blitz BNP Paribas"]
[Site "Port Marly"]
[Date "2013.06.15"]
[Round "8.5"]
[White "Sotelo, Renzo"]
[Black "Leruste, Georges"]
[Result "1-0"]
[WhiteElo "2230"]
[BlackElo "2340"]
[PlyCount "41"]
[EventDate "2013.06.15"]
[EventType "match (rapid)"]
[EventRounds "15"]
[EventCountry "FRA"]
[SourceDate "2005.09.12"]

1. e4 d5 2. exd5 Qxd5 3. Nc3 Qa5 4. Bc4 Nf6 5. Nge2 Bg4 6. d3 c6 7. O-O e6 8.
Bf4 Nbd7 9. a3 Be7 10. Qd2 Qh5 11. Ng3 Qg6 12. d4 Bf5 13. Nxf5 Qxf5 14. Bd3 Qh5
15. Be2 Qg6 16. h3 Nd5 17. Nxd5 exd5 18. Rfe1 O-O 19. Bd3 Qf6 20. c3 Bd6 21.
Bg5 1-0